<?xml version="1.0" encoding="UTF-8"?>
<record
    xmlns:xsi="http://www.w3.org/2001/XMLSchema-instance"
    xsi:schemaLocation="http://www.loc.gov/MARC21/slim http://www.loc.gov/standards/marcxml/schema/MARC21slim.xsd"
    xmlns="http://www.loc.gov/MARC21/slim">

  <leader>01497nab a2200265   4500</leader>
  <controlfield tag="003">AR-RoBPED</controlfield>
  <controlfield tag="005">20260514093902.0</controlfield>
  <controlfield tag="008">260514b        |||||||| |||| 00| 0 spa d</controlfield>
  <datafield tag="040" ind1=" " ind2=" ">
    <subfield code="a">AR-RoBPED</subfield>
  </datafield>
  <datafield tag="041" ind1=" " ind2=" ">
    <subfield code="a">spa</subfield>
  </datafield>
  <datafield tag="100" ind1="1" ind2=" ">
    <subfield code="a">Bustamante Salvatierra, Stephanie M.</subfield>
    <subfield code="9">30926</subfield>
    <subfield code="e">Estudiante avanzada del profesorado y la licenciatura en Letras</subfield>
  </datafield>
  <datafield tag="245" ind1="1" ind2="3">
    <subfield code="a">Una secuencia did&#xE1;ctica para la escuela secundaria. </subfield>
    <subfield code="b">Escritura de invenci&#xF3;n y talleres de escritura /</subfield>
  </datafield>
  <datafield tag="260" ind1=" " ind2=" ">
    <subfield code="a">Buenos Aires :</subfield>
    <subfield code="b">Noveduc,</subfield>
    <subfield code="c">2023</subfield>
  </datafield>
  <datafield tag="300" ind1=" " ind2=" ">
    <subfield code="a">56-59 p.</subfield>
  </datafield>
  <datafield tag="500" ind1=" " ind2=" ">
    <subfield code="a">Se comparte una secuencia did&#xE1;ctica que se llev&#xF3; adelante en una de las clases de la materia Did&#xE1;ctica Especial y Pr&#xE1;ctica Docente de la carrera del profesorado en Letras, de la Facultad de Humanidades, en la Universidad Nacional de Mar del Plata. Los temas que se abordaron fueron los talleres de escritura y la escritura de invenci&#xF3;n. La estructura del texto permite al lector visualizar la distribuci&#xF3;n del tiempo y el empleo de diferentes recursos a lo largo de una clase. </subfield>
  </datafield>
  <datafield tag="650" ind1=" " ind2="7">
    <subfield code="a">DIDACTICA</subfield>
    <subfield code="9">167</subfield>
  </datafield>
  <datafield tag="650" ind1=" " ind2="7">
    <subfield code="a">TALLERES - METODO PEDAGOGICO</subfield>
    <subfield code="9">17661</subfield>
  </datafield>
  <datafield tag="650" ind1=" " ind2="7">
    <subfield code="a">ESCRITURA</subfield>
    <subfield code="9">114</subfield>
  </datafield>
  <datafield tag="650" ind1=" " ind2="0">
    <subfield code="a">PROPUESTA DID&#xC1;CTICA</subfield>
    <subfield code="9">22005</subfield>
  </datafield>
  <datafield tag="650" ind1=" " ind2="7">
    <subfield code="a">PRACTICA DOCENTE</subfield>
    <subfield code="9">1148</subfield>
  </datafield>
  <datafield tag="700" ind1="1" ind2=" ">
    <subfield code="a">Etchart, Juana </subfield>
    <subfield code="9">30927</subfield>
    <subfield code="e">Profesora en Letras</subfield>
  </datafield>
  <datafield tag="773" ind1="0" ind2=" ">
    <subfield code="0">20414</subfield>
    <subfield code="9">41865</subfield>
    <subfield code="d">Buenos Aires :  Noveduc,  1993-</subfield>
    <subfield code="t">Novedades Educativas</subfield>
    <subfield code="w">(AR-RoBPED)20414</subfield>
    <subfield code="x">03283534</subfield>
  </datafield>
  <datafield tag="942" ind1=" " ind2=" ">
    <subfield code="2">udc</subfield>
    <subfield code="c">REV</subfield>
    <subfield code="h">37(05)</subfield>
    <subfield code="m">Nov 86 N&#xB0; 390 (Sept. 2023)</subfield>
    <subfield code="a">k.32761</subfield>
  </datafield>
  <datafield tag="945" ind1=" " ind2=" ">
    <subfield code="a">mar 05/2026</subfield>
  </datafield>
  <datafield tag="999" ind1=" " ind2=" ">
    <subfield code="c">32761</subfield>
    <subfield code="d">32761</subfield>
  </datafield>
</record>
